| 000 | 00715cam a2200217 a 4500 | ||
|---|---|---|---|
| 001 | 000003773 | ||
| 005 | 20200929150550.0 | ||
| 008 | 900418s1997 sp ab 001 1 spa | ||
| 020 | _a8408012053 | ||
| 040 |
_aDO-SdBNP _bspa _cBNPHU |
||
| 082 |
_a823.94 _bM133p |
||
| 100 | 1 |
_aMcCullough, Colleen, _d1937- _911478 |
|
| 245 | 1 | 3 |
_aEl primer hombre de Roma / _cColleen McCullough ; traducción, Francisco Martín. |
| 260 |
_aBarcelona : _bPlaneta, _c1997. |
||
| 300 |
_a896 p. : _bil., mapas ; _c22 cm. |
||
| 440 | 0 |
_aBolsillo; _vno. 501 _911479 |
|
| 504 | _aIncluye índice | ||
| 534 | _aTíltulo original: The first man in Rome | ||
| 650 | 4 |
_aLiteratura australiana _911480 |
|
| 700 | 1 |
_aMartín, Francisco _etr. _911215 |
|
| 999 |
_c3595 _d3595 |
||